000 00763nas a2200241 4500
001 BR9103175
003 BR-BrBNA
005 20231205092050.0
007 ta
008 230509b bl.|||p| |||| 00| 00por d
040 _aBR-BrBNA
_bpor
_cBiblioteca Nacional de Agricultura
041 _a(Pt)
072 _aL74
100 1 _aAllenstein, L.C.
245 1 _aProteinas em excesso causam disturbios na reproducao [vaca leiteira, disturbio fisiologico, reproducao animal]
650 _aPROTEINA
650 _aVACA LEITEIRA
650 _aDISTURBIO FISIOLOGICO
650 _aREPRODUCAO ANIMAL
773 0 _tGado Holandes (Brazil)
_xISSN 0101-7977
_g(Sep 1990), v. 56(178) p. 53-54
_wBR9103175
909 _a202311
_bLúcia
_c55
_dLúcia Elande
942 _2AGRIS
_n0
_cANA
999 _c129068
_d129068